000 00542nam a2200145Ia 4500
008 090124s9999 xx 000 0 und d
082 _b402448
245 _a विमान चोर विरुध्द फास्टर फे णे
250 _a1
260 _bभागवत भा.रा.
_c1989
300 _a138
630 _a विमान चोर विरुध्द फास्टर फे णे
730 _a विमान चोर विरुध्द फास्टर फे णे
942 _cBOOK
999 _c198908
_d198908